| 000 | 00435nam a2200145Ia 4500 | ||
|---|---|---|---|
| 008 | 151213s9999 xx 000 0 und d | ||
| 100 | _aRichard A. Spear & Betty Kirkpatrick | ||
| 245 |
_aNT C's English idioms dictionary _cRichard A. Spear & Betty Kirkpatrick |
||
| 260 |
_aUSA _bNTC |
||
| 300 | _a1031 p. | ||
| 650 | _a English Language | ||
| 650 | _aEnglish Language | ||
| 700 | _aRichard A. Spear & Betty Kirkpatrick | ||
| 999 |
_c1007 _d1007 |
||